书目信息 |
| 题名: |
吉他弹唱校园民谣
|
|
| 作者: | ;东方·卓越 编著 | |
| 分册: | ||
| 出版信息: | 北京 同心出版社 2002 |
|
| 页数: | 146页 | |
| 开本: | 26cm | |
| 丛书名: | ||
| 单 册: | ||
| 中图分类: | J623.2 | |
| 科图分类: | ||
| 主题词: | 六弦琴--奏法 | |
| 电子资源: | ||
| ISBN: | 7-80593-586-6 | |
| 000 | 00763nam0 2200229 45 | |
| 001 | 002182336 | |
| 005 | 20050110155129.3 | |
| 010 | @a7-80593-586-6@dCNY12.80 | |
| 100 | @a20021031d2002 em y0chiy0110 ea | |
| 101 | 0 | @achi |
| 102 | @aCN@b110000 | |
| 105 | @aag z 000yy | |
| 200 | 1 | @a吉他弹唱校园民谣@Aji ta tan chang xiao yuan min yao@f东方·卓越编著@FDong Fang·Zhuo Yue Bian Zhu |
| 210 | @a北京@c同心出版社@d2002 | |
| 215 | @a146页@c图@d26cm | |
| 300 | @a卓越文化 | |
| 330 | @a本书分理论部分和歌曲部分,介绍了民谣吉他的分类,民谣吉他的调弦、民谣吉他的保养以及吉他的基本演奏方法;同时收录了新歌曲弹唱。 | |
| 606 | 0 | @a六弦琴@x奏法 |
| 690 | @aJ623.2@v4 | |
| 711 | 02 | @a东方·卓越@4编著 |
| 801 | 0 | @aCN@bNLC@c20021209 |
| 905 | @b341944-949@dJ623.2@e131@f6 | |
| 吉他弹唱校园民谣/东方·卓越编著.-北京:同心出版社,2002 |
| 146页:图;26cm |
| 卓越文化 |
| ISBN 7-80593-586-6:CNY12.80 |
| 本书分理论部分和歌曲部分,介绍了民谣吉他的分类,民谣吉他的调弦、民谣吉他的保养以及吉他的基本演奏方法;同时收录了新歌曲弹唱。 |
| ● |
| 相关链接 |
|
|
|
|
正题名:吉他弹唱校园民谣
索取号:J623.2/131
 
预约/预借
| 序号 | 登录号 | 条形码 | 馆藏地/架位号 | 状态 | 备注 |
| 1 | 0341944 | 203419443 | 第一样本阅览室/ [索取号:J623.2/131] | 在馆 | |
| 2 | 0341945 | 203419452 | 第一借阅区/ [索取号:J623.2/131] | 在馆 | |
| 3 | 0341946 | 203419461 | 第一借阅区/ [索取号:J623.2/131] | 在馆 | |
| 4 | 0341947 | 203419470 | 第一借阅区/ [索取号:J623.2/131] | 在馆 | |
| 5 | 0341948 | 203419489 | 第一借阅区/ [索取号:J623.2/131] | 在馆 | |
| 6 | 0341949 | 203419498 | 第一借阅区/ [索取号:J623.2/131] | 在馆 |